Online katalóg knižníc regiónu Turca

Prériou cvála kôň / (Record no. 22538)

MARC details
000 -LEADER
fixed length control field 00661nam a22002291a 4500
001 - CONTROL NUMBER
control field 22538
003 - CONTROL NUMBER IDENTIFIER
control field CZ PrNK
005 - DATE AND TIME OF LATEST TRANSACTION
control field 20260331160958.0
008 - FIXED-LENGTH DATA ELEMENTS--GENERAL INFORMATION
fixed length control field 050121s1980 xo slo
040 ## - CATALOGING SOURCE
Original cataloging agency ABA001
Language of cataloging cze
Transcribing agency ABA001
Modifying agency ABA001
041 1# - LANGUAGE CODE
Language code of text/sound track or separate title slo
Language code of original cze
100 1# - MAIN ENTRY--PERSONAL NAME
Personal name Stuchl, Vladimír,
Dates associated with a name 1922-1990
Relationship aut
245 10 - TITLE STATEMENT
Title Prériou cvála kôň /
Statement of responsibility, etc. Vladimír Stuchl ; Il. Luděk Maňásek
250 ## - EDITION STATEMENT
Edition statement 1. vyd.
260 ## - PUBLICATION, DISTRIBUTION, ETC.
Place of publication, distribution, etc. Bratislava :
Name of publisher, distributor, etc. Mladé letá,
Date of publication, distribution, etc. 1980
300 ## - PHYSICAL DESCRIPTION
Extent 251 s. ;
Dimensions
490 1# - SERIES STATEMENT
Series statement Klub mladých čitateľov
500 ## - GENERAL NOTE
General note Pre čitateľov od 13. rokov
830 #0 - SERIES ADDED ENTRY--UNIFORM TITLE
Uniform title Klub mladých čitateľov
910 ## - USER-OPTION DATA (OCLC)
User-option data ABA001
942 ## - ADDED ENTRY ELEMENTS (KOHA)
Source of classification or shelving scheme Dewey Decimal Classification
Koha item type Krásna literatúra pre dospelých
Suppress in OPAC No
Holdings
Stav vyradenia Strata Poškodenie Spôsob nadobudnutia Domovská knižnica Aktuálna knižnica Dátum nadobudnutia Total checkouts Čiarový kód exemplára Date last seen Typ exemplára
      Dar Obecná knižnica Horná Štubňa Obecná knižnica Horná Štubňa 31.03.2026   4736202104 31.03.2026 Krásna literatúra pre dospelých
Projekt je podporený Slovenskou asociáciou knižníc
Prevádzkuje Turčianska knižnica Martin 2026